000 00245nam a2200097Ia 4500
001 726330
005 20250826163426.0
008 250824s9999 xx 000 0 und d
245 0 _aGARAJDAKİ GİZ
_cDAVİD ALMOND
260 _bGÜNIŞIĞI KİTAPLIĞI
999 _c726330
_d726330